<?xml version="1.0" encoding="UTF-8"?>
<record
    xmlns:xsi="http://www.w3.org/2001/XMLSchema-instance"
    xsi:schemaLocation="http://www.loc.gov/MARC21/slim http://www.loc.gov/standards/marcxml/schema/MARC21slim.xsd"
    xmlns="http://www.loc.gov/MARC21/slim">

  <leader>01182nam0a2200349   4500</leader>
  <controlfield tag="001">RU\NLR\bibl\947043</controlfield>
  <controlfield tag="005">20250614200235.0</controlfield>
  <datafield tag="010" ind1=" " ind2=" ">
    <subfield code="a">5-05-006324-8</subfield>
    <subfield code="9">50000</subfield>
  </datafield>
  <datafield tag="021" ind1=" " ind2=" ">
    <subfield code="a">RU</subfield>
    <subfield code="b">2006-11079</subfield>
    <subfield code="9">538</subfield>
  </datafield>
  <datafield tag="035" ind1=" " ind2=" ">
    <subfield code="a">(nilc)RSL-KNO-002855154</subfield>
  </datafield>
  <datafield tag="035" ind1=" " ind2=" ">
    <subfield code="a">(NLR Aleph) 000935174</subfield>
  </datafield>
  <datafield tag="090" ind1=" " ind2=" ">
    <subfield code="a">184795</subfield>
    <subfield code="c">184795</subfield>
  </datafield>
  <datafield tag="100" ind1=" " ind2=" ">
    <subfield code="a">20060324d2006    |||y0rusy50      ca</subfield>
  </datafield>
  <datafield tag="101" ind1="1" ind2=" ">
    <subfield code="a">rus</subfield>
    <subfield code="c">eng</subfield>
  </datafield>
  <datafield tag="102" ind1=" " ind2=" ">
    <subfield code="a">RU</subfield>
  </datafield>
  <datafield tag="105" ind1=" " ind2=" ">
    <subfield code="a">y   |||||||||</subfield>
  </datafield>
  <datafield tag="106" ind1=" " ind2=" ">
    <subfield code="a">r</subfield>
  </datafield>
  <datafield tag="200" ind1="1" ind2=" ">
    <subfield code="a">&#x41D;&#x435;&#x436;&#x43D;&#x44B;&#x439; &#x432;&#x43A;&#x443;&#x441; &#x448;&#x43E;&#x43A;&#x43E;&#x43B;&#x430;&#x434;&#x430;</subfield>
    <subfield code="e">&#x440;&#x43E;&#x43C;&#x430;&#x43D;</subfield>
    <subfield code="f">&#x41B;&#x438;&#x437; &#x424;&#x438;&#x43B;&#x434;&#x438;&#x43D;&#x433;</subfield>
    <subfield code="g">&#x43F;&#x435;&#x440;. &#x441; &#x430;&#x43D;&#x433;&#x43B;. [&#x415;. &#x421;&#x432;&#x435;&#x442;&#x430;&#x439;&#x43B;&#x43E;]</subfield>
  </datafield>
  <datafield tag="210" ind1=" " ind2=" ">
    <subfield code="a">&#x41C;&#x43E;&#x441;&#x43A;&#x432;&#x430;</subfield>
    <subfield code="c">&#x420;&#x430;&#x434;&#x443;&#x433;&#x430;</subfield>
    <subfield code="d">2006</subfield>
    <subfield code="e">&#x41C;&#x43E;&#x436;&#x430;&#x439;&#x441;&#x43A; (&#x41C;&#x43E;&#x441;&#x43A;.&#x43E;&#x431;&#x43B;.)</subfield>
    <subfield code="g">&#x41C;&#x43E;&#x436;&#x430;&#x439;&#x441;&#x43A;&#x438;&#x439; &#x43F;&#x43E;&#x43B;&#x438;&#x433;&#x440;&#x430;&#x444;&#x43A;&#x43E;&#x43C;&#x431;&#x438;&#x43D;&#x430;&#x442;</subfield>
  </datafield>
  <datafield tag="215" ind1=" " ind2=" ">
    <subfield code="a">142, [1] &#x441;.</subfield>
    <subfield code="d">17</subfield>
  </datafield>
  <datafield tag="225" ind1="1" ind2=" ">
    <subfield code="a">&#x41B;&#x44E;&#x431;&#x43E;&#x432;&#x43D;&#x44B;&#x439; &#x440;&#x43E;&#x43C;&#x430;&#x43D;</subfield>
    <subfield code="v">1234</subfield>
  </datafield>
  <datafield tag="225" ind1="1" ind2=" ">
    <subfield code="a">&#x410;&#x440;&#x43B;&#x435;&#x43A;&#x438;&#x43D;</subfield>
    <subfield code="d">Harlequin</subfield>
    <subfield code="z">eng</subfield>
  </datafield>
  <datafield tag="225" ind1="1" ind2=" ">
    <subfield code="a">&#x412;&#x440;&#x435;&#x43C;&#x44F;, &#x43F;&#x43E;&#x434;&#x430;&#x440;&#x435;&#x43D;&#x43D;&#x43E;&#x435; &#x441;&#x435;&#x431;&#x435;</subfield>
  </datafield>
  <datafield tag="686" ind1=" " ind2=" ">
    <subfield code="a">&#x428;6(4&#x412;&#x43B;)67-440.4{&#x41B;&#x445;1299-50}</subfield>
  </datafield>
  <datafield tag="700" ind1=" " ind2="1">
    <subfield code="a">&#x424;&#x438;&#x43B;&#x434;&#x438;&#x43D;&#x433;</subfield>
    <subfield code="b">&#x41B;.</subfield>
    <subfield code="g">&#x41B;&#x438;&#x437;</subfield>
    <subfield code="4">070</subfield>
  </datafield>
  <datafield tag="801" ind1=" " ind2="0">
    <subfield code="a">RU</subfield>
    <subfield code="b">&#x420;&#x41A;&#x41F;</subfield>
    <subfield code="c">20060324</subfield>
    <subfield code="g">rcr</subfield>
  </datafield>
  <datafield tag="801" ind1=" " ind2="1">
    <subfield code="a">RU</subfield>
    <subfield code="b">&#x420;&#x413;&#x411;</subfield>
    <subfield code="c">20060324</subfield>
  </datafield>
  <datafield tag="801" ind1=" " ind2="2">
    <subfield code="a">RU</subfield>
    <subfield code="b">NLR</subfield>
    <subfield code="c">20060511</subfield>
    <subfield code="g">rcr</subfield>
  </datafield>
  <datafield tag="942" ind1=" " ind2=" ">
    <subfield code="c">BOOK</subfield>
  </datafield>
  <datafield tag="980" ind1=" " ind2=" ">
    <subfield code="a">NB</subfield>
  </datafield>
  <datafield tag="995" ind1=" " ind2=" ">
    <subfield code="5">2006-05-11</subfield>
    <subfield code="a">ad</subfield>
    <subfield code="b">NLR01</subfield>
    <subfield code="c">NLR01</subfield>
    <subfield code="e">RF3</subfield>
    <subfield code="f">2189821</subfield>
    <subfield code="k">2006-2/2342</subfield>
    <subfield code="o">0</subfield>
    <subfield code="r">BOOK</subfield>
    <subfield code="s">200622342_</subfield>
  </datafield>
  <datafield tag="995" ind1=" " ind2=" ">
    <subfield code="5">2006-05-11</subfield>
    <subfield code="a">ad</subfield>
    <subfield code="b">NLR01</subfield>
    <subfield code="c">NLR01</subfield>
    <subfield code="e">RF3</subfield>
    <subfield code="f">2189822</subfield>
    <subfield code="k">2006-2/2342</subfield>
    <subfield code="o">0</subfield>
    <subfield code="r">BOOK</subfield>
    <subfield code="s">200622342_</subfield>
  </datafield>
</record>
